| 000 | 00547nam a2200193Ia 4500 | ||
|---|---|---|---|
| 003 | OSt | ||
| 005 | 20240912112603.0 | ||
| 008 | 220927b |||||||| |||| 00| 0 eng d | ||
| 020 | _a0701203625 | ||
| 040 |
_aSDCL _cSDCL _beng |
||
| 041 |
_2eng _aeng |
||
| 082 | _aRxK68 L6 | ||
| 100 | _aBerlin, Isaiah. | ||
| 245 | 0 |
_aVico and Herder: _b Two studies in the history of ideas/ |
|
| 260 |
_c1976. _aLondon: _bThe Hogarth Press, |
||
| 300 | _axxvii,228p. | ||
| 942 |
_hRxK68 L6 _cTEXL _2CC |
||
| 999 |
_c834402 _d834402 |
||